Disney Trivia- Letter M - Statistics

General Stats
  • This quiz has been taken 115 times
  • The average score is 23 of 39
Answer Stats
Question Answer % Correct
The mouse that started it all Mickey
99%
Above's girlfriend Minnie Mouse
95%
What animal is Abu from Aladdin? monkey
94%
Fill in the blank from this Disney lyric: "You'll be in my heart, no ______ what they say" matter
91%
What type of animal is Gus from Cinderella? mouse
88%
Who does Alice meet at a tea party? Mad Hatter
85%
Where do the seven dwarfs work? mine
83%
Who is the female protagonist from Brave? Merida
81%
Who is the villain from Sleeping Beauty? Maleficent
78%
One of the kittens from the Aristocats Marie
73%
Fill in the blank from this Disney lyric: "It's funny how some distance, _____ everything seems small" makes
68%
What does Aladdin find in the Cave of Wonders? Magic Carpet
67%
Which Disney Princess comes from China? Mulan
67%
Who is Goofy's son? Max
65%
What is the name of the man cub from The Jungle Book? Mowgli
63%
What is the name of Belle's father in Beauty and the Beast? Maurice
60%
Who is Robin Hood in love with? Maid Marian
59%
Who falls in love with Hercules? Megara
55%
Which dragon is a Disney sidekick? Mushu
55%
What is the name of one of Wendy's younger brothers? Michael
54%
Fill in the blank from this Disney quote: "Second star to the right and straight on 'till ________" morning
54%
Who is Simba's father? Mufasa
54%
Who goes on a search for the heart of Tafiti? Moana
53%
Who is Chip's mother in Beauty and the Beast? Mrs Potts
53%
One of the three good fairies from Sleeping Beauty Merryweather
51%
Fill in the blank from this Disney lyric: "Just a spoonful of sugar helps the ________ go down" medicine
47%
What is the name of the horse from Tangled? Maximus
46%
What is the name of the raccoon from Pocahontas? Meeko
46%
Who sings "Dig a little deeper"? Mama Odie
41%
Thunder _______ is the name of an attraction at Disney Land mountain
41%
Where does Aladdin first meet Jasmine? market
40%
Fill in the blank from this Disney lyric: "_________ as the dark side of the moon" mysterious
38%
Who is "practically perfect in every way"? Mary Poppins
36%
Fill in the blank from this Disney quote: "He's not the ______ Gaston, you are!" monster
35%
What is the full name of Wendy's mother in Peter Pan? Mary Darling
33%
What is the full name of Captain Hook's first mate? Mr Smee
33%
What type of food does Naveen learn to mince in The Princess and the Frog? mushroom
28%
In the film "UP", Carl accidentally leaves his hand print on what object? mail box
23%
What does Fauna use to prop up Aurora's birthday cake? mop
23%
No matching quizzes found
Score Distribution
Percent of People with Each Score
Percentile by Number Answered
Your Score History
You have not taken this quiz